Statistics for Countries With the Greatest Musical Influence

Click here to take the quiz!

General Stats

  • This quiz has been taken 57 times
  • The average score is 9 of 10

Answer Stats

RankCountry% Correct
2United Kingdom
100%
3France
98%
1United States of America
98%
4Germany
92%
7Italy
92%
9Australia
85%
5Canada
85%
6Japan
85%
8Sweden
81%
10Ireland
58%

Score Distribution

Percentile by Number Answered

Percent of People with Each Score

Your Score History

You have not taken this quiz